[Event "NED-chT 2223"]
[Site "Netherlands"]
[Date "2023.03.11"]
[Round "7.10"]
[White "Van Gisbergen, Stan"]
[Black "Elgersma, Simon"]
[Result "1-0"]
[WhiteElo "2280"]
[BlackElo "2256"]
[PlyCount "47"]
[EventDate "2022.09.17"]
[EventType "team-tourn"]
[EventRounds "9"]
[EventCountry "NED"]
[SourceTitle "CBM 213 Extra"]
[Source "ChessBase"]
[SourceDate "2023.05.31"]
[SourceVersion "1"]
[SourceVersionDate "2023.05.31"]
[SourceQuality "1"]
[WhiteTeam "Amstelveen Zukertort"]
[BlackTeam "Groningen Combinatie"]
[WhiteTeamCountry "NED"]
[BlackTeamCountry "NED"]

1. d4 d5 2. c4 e6 3. Nc3 Nf6 4. Bg5 Be7 5. Nf3 0-0 6. e3 c6 7. Qc2 Re8 8. 0-0-0 Nbd7 9. h4 a5 10. e4 dxc4 11. Bxc4 b5 12. Bd3 h6 13. e5 Nd5 14. Bxe7 Rxe7 15. Ne4 Nb4 16. Qd2 Nxd3+ 17. Qxd3 Nf8 18. Rh3 Qd5 19. Kb1 Kh8 20. Rg3 b4 21. Qe3 Ba6 22. Nf6 Qc4 23. Qxh6+ gxh6 24. Rg8# 1-0

[Event "NED-chT 1920"]
[Site "Netherlands"]
[Date "2019.12.14"]
[Round "4.8"]
[White "Elgersma, Simon"]
[Black "Meng, Roger"]
[Result "0-1"]
[WhiteElo "2118"]
[BlackElo "2459"]
[PlyCount "66"]
[EventDate "2019.09.28"]
[EventType "team-tourn"]
[EventRounds "9"]
[EventCountry "NED"]
[SourceTitle "CBM 193 Extra"]
[Source "ChessBase"]
[SourceDate "2020.01.31"]
[SourceVersion "1"]
[SourceVersionDate "2020.01.31"]
[SourceQuality "1"]
[WhiteTeam "Groningen Combinatie"]
[BlackTeam "Charlois Europoort"]
[WhiteTeamCountry "NED"]
[BlackTeamCountry "NED"]

1. e4 g6 2. d4 Bg7 3. Nf3 a6 4. a4 d6 5. Bc4 Nf6 6. Qe2 0-0 7. e5 dxe5 8. dxe5 Nd5 9. 0-0 c6 10. h3 Be6 11. Re1 Nd7 12. a5 Nc5 13. Nbd2 Nb4 14. Nf1 Bd5 15. Be3 Ne6 16. Bb6 Qc8 17. Bxd5 Nxd5 18. Be3 Rd8 19. N1d2 c5 20. Nc4 Qc6 21. c3 Qb5 22. Nfd2 Rd7 23. Ra3 Rad8 24. Qf3 Nxe3 25. Qxe3 Rd3 26. Qe2 Bh6 27. Rb3 Qa4 28. Nb6 Qa2 29. Ra3 Qxb2 30. Ndc4 Qxe2 31. Rxe2 Bc1 32. Ra1 Rd1+ 33. Kh2 Bf4+ 0-1

[Event "Hoogeveen op 23rd"]
[Site "Hoogeveen"]
[Date "2019.10.26"]
[Round "9"]
[White "Fehr, Axel"]
[Black "Elgersma, Simon"]
[Result "1/2-1/2"]
[WhiteElo "2045"]
[BlackElo "2111"]
[PlyCount "62"]
[EventDate "2019.10.19"]
[EventType "swiss"]
[EventRounds "9"]
[EventCountry "NED"]
[SourceTitle "CBM 192 Extra"]
[Source "Chessbase"]
[SourceDate "2019.11.06"]
[SourceVersion "1"]
[SourceVersionDate "2019.11.06"]
[SourceQuality "1"]

1. e4 c6 2. d4 d5 3. e5 Bf5 4. Nf3 e6 5. Be2 Ne7 6. Nbd2 Ng6 7. Nb3 Nd7 8. Be3 f6 9. exf6 Qxf6 10. Qd2 Bd6 11. h4 Bg4 12. Ng5 Bxe2 13. Qxe2 h6 14. Nf3 Nf4 15. Bxf4 Bxf4 16. g3 Bd6 17. Nh2 0-0-0 18. 0-0-0 e5 19. Ng4 Qe7 20. Nxe5 Nxe5 21. dxe5 Bxe5 22. Rhe1 Rhe8 23. Qg4+ Qd7 24. Qxd7+ Kxd7 25. c4 Kc7 26. cxd5 Rxd5 27. Rxd5 cxd5 28. Kc2 Re7 29. f4 Bf6 30. Rxe7+ Bxe7 31. h5 Bf6 1/2-1/2

[Event "Hoogeveen op 23rd"]
[Site "Hoogeveen"]
[Date "2019.10.20"]
[Round "2"]
[White "Elgersma, Simon"]
[Black "Ricken, Katharina"]
[Result "1-0"]
[WhiteElo "2111"]
[BlackElo "1970"]
[PlyCount "67"]
[EventDate "2019.10.19"]
[EventType "swiss"]
[EventRounds "9"]
[EventCountry "NED"]
[SourceTitle "CBM 192 Extra"]
[Source "Chessbase"]
[SourceDate "2019.11.06"]
[SourceVersion "1"]
[SourceVersionDate "2019.11.06"]
[SourceQuality "1"]

1. e4 e6 2. d4 d5 3. Nc3 Nc6 4. e5 f6 5. Bb5 Bd7 6. Nf3 a6 7. Bxc6 Bxc6 8. 0-0 Qd7 9. Re1 f5 10. a3 0-0-0 11. b4 Nh6 12. Rb1 Nf7 13. Qd3 Bb5 14. Nxb5 Qxb5 15. Qb3 Qd7 16. a4 b6 17. c4 Be7 18. a5 dxc4 19. Qxc4 b5 20. Qc3 g5 21. Bb2 g4 22. Nd2 h5 23. Rbc1 Bg5 24. Re2 Bxd2 25. Rxd2 Kb7 26. d5 Rc8 27. Qc5 Ng5 28. Bd4 Ra8 29. d6 Rhc8 30. Rdc2 Ne4 31. Qxc7+ Rxc7 32. Rxc7+ Qxc7 33. Rxc7+ Kb8 34. Bb6 1-0

[Event "Pardubice Czech op-A 30th"]
[Site "Pardubice"]
[Date "2019.07.21"]
[Round "3"]
[White "Myshakov, Fyodor"]
[Black "Elgersma, Simon"]
[Result "1-0"]
[WhiteElo "2295"]
[BlackElo "2130"]
[PlyCount "79"]
[EventDate "2019.07.19"]
[EventType "swiss"]
[EventRounds "9"]
[EventCountry "CZE"]
[SourceTitle "CBM 191"]
[Source "ChessBase"]
[SourceDate "2019.08.31"]
[SourceVersion "1"]
[SourceVersionDate "2019.08.31"]
[SourceQuality "1"]

1. c4 e6 2. Nc3 d5 3. cxd5 exd5 4. d4 c6 5. Nf3 Nf6 6. Bg5 h6 7. Bh4 Bf5 8. e3 Nbd7 9. Bd3 Bxd3 10. Qxd3 Bd6 11. 0-0 0-0 12. a3 a5 13. Na4 Re8 14. Rfc1 Qe7 15. Qb3 b5 16. Nc5 Nxc5 17. dxc5 Bc7 18. Qc3 g5 19. Bg3 Ne4 20. Qc2 Bxg3 21. hxg3 a4 22. Nd4 Qd7 23. g4 Nf6 24. Qf5 Qxf5 25. gxf5 Ra6 26. Nc2 Ra7 27. Nd4 Ra6 28. Rc2 Re5 29. Re1 Kg7 30. f3 Nd7 31. g4 Re8 32. Kf2 Ne5 33. Rh1 Nc4 34. Re2 Ra7 35. f6+ Kg6 36. Nxc6 Rc7 37. Ne7+ Kh7 38. Nf5 Ne5 39. Rxh6+ Kg8 40. Ne7+ 1-0

[Event "Pardubice Czech op-A 30th"]
[Site "Pardubice"]
[Date "2019.07.19"]
[Round "1"]
[White "Skliarov, Viktor"]
[Black "Elgersma, Simon"]
[Result "1/2-1/2"]
[WhiteElo "2360"]
[BlackElo "2130"]
[PlyCount "68"]
[EventDate "2019.07.19"]
[EventType "swiss"]
[EventRounds "9"]
[EventCountry "CZE"]
[SourceTitle "CBM 191"]
[Source "ChessBase"]
[SourceDate "2019.08.31"]
[SourceVersion "1"]
[SourceVersionDate "2019.08.31"]
[SourceQuality "1"]

1. e4 c6 2. d4 d5 3. e5 Bf5 4. Nf3 e6 5. Be2 Ne7 6. 0-0 Ng6 7. Ne1 h5 8. c4 dxc4 9. Bxc4 Nd7 10. f4 Nb6 11. Be2 h4 12. Nc3 Be7 13. Bf3 Qd7 14. Be3 0-0-0 15. Qb3 Nxf4 16. Bxc6 Qxc6 17. Rxf4 Kb8 18. Rxf5 exf5 19. Qxf7 Bb4 20. Qxf5 Bxc3 21. bxc3 Qxc3 22. Nc2 Rhf8 23. Qe4 Rc8 24. Rc1 Nc4 25. Rb1 b6 26. h3 Nd6 27. Qd5 Nf5 28. Bf4 Nxd4 29. Nxd4 Rxf4 30. Qd6+ Qc7 31. Qxc7+ Rxc7 32. Ne6 Re4 33. Nxc7 Kxc7 34. Rf1 Rxe5 1/2-1/2

[Event "Hilversum op"]
[Site "Hilversum"]
[Date "2019.06.22"]
[Round "3"]
[White "Lanchava, Tea"]
[Black "Elgersma, Simon"]
[Result "1-0"]
[WhiteElo "2314"]
[BlackElo "2099"]
[PlyCount "55"]
[EventDate "2019.06.21"]
[EventType "swiss"]
[EventRounds "6"]
[EventCountry "NED"]
[SourceTitle "CBM 191 Extra"]
[Source "ChessBase"]
[SourceDate "2019.09.30"]
[SourceVersion "1"]
[SourceVersionDate "2019.09.30"]
[SourceQuality "1"]

1. c4 Nf6 2. Nf3 g6 3. g3 Bg7 4. Bg2 d6 5. 0-0 0-0 6. d3 e5 7. Nc3 Nc6 8. Rb1 a5 9. Nb5 h6 10. e4 Be6 11. b3 Qd7 12. Bb2 Nh5 13. d4 exd4 14. Nfxd4 Nxd4 15. Bxd4 Bxd4 16. Qxd4 Bh3 17. f3 Rad8 18. Rbd1 Be6 19. Qd2 a4 20. Qxh6 Qc6 21. Nd4 Qc5 22. f4 Bg4 23. Rd2 Ng7 24. Kh1 Qh5 25. Qxh5 Nxh5 26. f5 g5 27. Kg1 f6 28. h3 1-0

[Event "Karlsruhe Grenke op"]
[Site "Karlsruhe"]
[Date "2019.04.18"]
[Round "1"]
[White "Elgersma, Simon"]
[Black "Van Wely, Loek"]
[Result "0-1"]
[WhiteElo "2137"]
[BlackElo "2612"]
[PlyCount "92"]
[EventDate "2019.04.18"]
[EventType "swiss"]
[EventRounds "9"]
[EventCountry "GER"]
[SourceTitle "CBM 189 Extra"]
[Source "ChessBase"]
[SourceDate "2019.06.03"]
[SourceVersion "1"]
[SourceVersionDate "2019.06.03"]
[SourceQuality "1"]

1. e4 c5 2. Nf3 Nc6 3. Bb5 g6 4. 0-0 Bg7 5. Re1 e5 6. Bxc6 dxc6 7. d3 Qe7 8. Nbd2 Nf6 9. a3 0-0 10. b4 Nd7 11. Nc4 Rd8 12. Rb1 b6 13. Be3 Ba6 14. Nfd2 f6 15. Qe2 Rac8 16. f4 b5 17. Na5 exf4 18. Bxf4 cxb4 19. axb4 c5 20. Ndb3 cxb4 21. d4 f5 22. exf5 Qxe2 23. Rxe2 Nb6 24. fxg6 hxg6 25. Be5 Bf8 26. Rf1 Nd5 27. Re4 Rxc2 28. Rg4 Ne7 29. Bf6 Rd6 30. Rh4 Rxf6 31. Rxf6 Bc8 32. Rf2 Rc3 33. Rhf4 Bh6 34. Re4 Nd5 35. Re8+ Kg7 36. Rff8 Bf5 37. Rxf5 gxf5 38. Re5 Ne3 39. Rxb5 Rc2 40. Rb7+ Kg6 41. g3 f4 42. gxf4 Rg2+ 43. Kh1 Rf2 44. h4 Rf1+ 45. Kh2 Bxf4+ 46. Kh3 Rh1# 0-1

[Event "Leiden Noteboom Memorial 79th"]
[Site "Leiden"]
[Date "2019.02.24"]
[Round "6"]
[White "Elgersma, Simon"]
[Black "Van der Werf, Mark"]
[Result "1-0"]
[WhiteElo "2148"]
[BlackElo "2412"]
[PlyCount "127"]
[EventDate "2019.02.22"]
[EventType "swiss"]
[EventRounds "6"]
[EventCountry "NED"]
[SourceTitle "CBM 189 Extra"]
[Source "ChessBase"]
[SourceDate "2019.06.03"]
[SourceVersion "1"]
[SourceVersionDate "2019.06.03"]
[SourceQuality "1"]

1. e4 d6 2. d4 Nf6 3. Nc3 g6 4. Nf3 Bg7 5. Be3 0-0 6. Qd2 b6 7. 0-0-0 Bb7 8. Bd3 c5 9. Bh6 cxd4 10. Nxd4 Nc6 11. Nxc6 Bxc6 12. h4 e6 13. h5 Qe7 14. f3 Rfd8 15. g4 Bh8 16. Qg5 Rd7 17. Qh4 Ne8 18. hxg6 fxg6 19. Bg5 Bf6 20. Bxf6 Qxf6 21. g5 Qxf3 22. Rh3 Qf7 23. Bc4 b5 24. Rf1 bxc4 25. Rxf7 Rxf7 26. e5 d5 27. Ne2 Nc7 28. Nf4 Be8 29. Kd2 Rd8 30. Nxg6 d4 31. Nf4 c3+ 32. bxc3 dxc3+ 33. Ke1 Rd4 34. g6 Re4+ 35. Kd1 Rd7+ 36. Rd3 hxg6 37. Rxd7 Bxd7 38. Qf6 Rd4+ 39. Ke2 Be8 40. Nxe6 Nxe6 41. Qxe6+ Bf7 42. Qc8+ Kg7 43. Qxc3 Rc4 44. Qb2 Be6 45. Kd3 Rc7 46. c3 Rd7+ 47. Ke3 Rc7 48. a4 g5 49. Qb4 Kf7 50. a5 g4 51. a6 g3 52. Qb7 Rd7 53. Qf3+ Ke8 54. Qxg3 Rc7 55. Kd4 Rc4+ 56. Kd3 Rg4 57. Qf3 Ra4 58. Qa8+ Kf7 59. Qxa7+ Kg6 60. Qb6 Kf5 61. a7 Bd5 62. Qb5 Be4+ 63. Ke3 Rxa7 64. e6+ 1-0

[Event "Leiden Noteboom Memorial 79th"]
[Site "Leiden"]
[Date "2019.02.23"]
[Round "4"]
[White "Elgersma, Simon"]
[Black "Damen, Jip"]
[Result "1-0"]
[WhiteElo "2148"]
[BlackElo "2170"]
[PlyCount "53"]
[EventDate "2019.02.22"]
[EventType "swiss"]
[EventRounds "6"]
[EventCountry "NED"]
[SourceTitle "CBM 189 Extra"]
[Source "ChessBase"]
[SourceDate "2019.06.03"]
[SourceVersion "1"]
[SourceVersionDate "2019.06.03"]
[SourceQuality "1"]

1. e4 g6 2. d4 Bg7 3. Nf3 d6 4. Bc4 Nf6 5. Qe2 0-0 6. e5 dxe5 7. dxe5 Nd5 8. h3 Be6 9. 0-0 Nd7 10. c3 c6 11. Re1 Qc7 12. Na3 a5 13. Nc2 b5 14. Bd3 Nc5 15. Ncd4 Nxd3 16. Qxd3 Rad8 17. Qe4 Bc8 18. Qh4 f6 19. Bh6 Bxh6 20. Qxh6 Rf7 21. Re4 Rg7 22. Rae1 g5 23. exf6 Nxf6 24. Qxg7+ Kxg7 25. Rxe7+ Qxe7 26. Rxe7+ Kf8 27. Rc7 1-0

[Event "Oberliga Nord W 1819"]
[Site "Germany"]
[Date "2019.01.20"]
[Round "5.2"]
[White "Elgersma, Simon"]
[Black "Ewert, Hannes"]
[Result "1-0"]
[WhiteElo "2186"]
[BlackElo "2314"]
[PlyCount "55"]
[EventDate "2018.10.21"]
[EventType "team-tourn"]
[EventRounds "9"]
[EventCountry "GER"]
[SourceTitle "EXT 2020"]
[Source "ChessBase"]
[SourceDate "2019.10.17"]
[SourceVersion "1"]
[SourceVersionDate "2019.10.17"]
[SourceQuality "1"]
[WhiteTeam "Nordhorn Blanke"]
[BlackTeam "Hellern"]
[WhiteTeamCountry "GER"]
[BlackTeamCountry "GER"]

1. e4 e5 2. Nf3 Nc6 3. d4 exd4 4. Nxd4 Bc5 5. Nb3 Bb6 6. Nc3 Nf6 7. Bg5 h6 8. Bh4 0-0 9. Qe2 Nd4 10. Qd3 Nxb3 11. axb3 d6 12. Nd5 g5 13. Nxb6 cxb6 14. Bg3 Nxe4 15. 0-0-0 Bf5 16. Qd5 Qf6 17. f3 Nxg3 18. hxg3 Rac8 19. Bc4 Rc6 20. Rxh6 Qxh6 21. Qxf5 Kg7 22. Qd7 Qf6 23. Rd5 Rc5 24. Rxd6 Qe5 25. Re6 Qxg3 26. Qd4+ Kh7 27. Qe4+ Kg7 28. Rg6+ 1-0

[Event "Groningen op 56th"]
[Site "Groningen"]
[Date "2018.12.27"]
[Round "6"]
[White "Elgersma, Simon"]
[Black "De Boer, Eelke"]
[Result "0-1"]
[WhiteElo "2200"]
[BlackElo "2327"]
[PlyCount "98"]
[EventDate "2018.12.22"]
[EventType "swiss"]
[EventRounds "9"]
[EventCountry "NED"]
[SourceTitle "CBM 188 Extra"]
[Source "ChessBase"]
[SourceDate "2019.02.26"]
[SourceVersion "1"]
[SourceVersionDate "2019.02.26"]
[SourceQuality "1"]

1. e4 c5 2. Nf3 d6 3. Bb5+ Nd7 4. 0-0 a6 5. Bd3 Ngf6 6. Re1 e5 7. c3 b5 8. Bc2 Be7 9. d4 0-0 10. a4 Bb7 11. axb5 axb5 12. Rxa8 Qxa8 13. d5 c4 14. Nbd2 Qa5 15. Nf1 b4 16. cxb4 Qxb4 17. Ne3 Rc8 18. Qe2 Ba6 19. Bd2 Qb5 20. Nf5 Bf8 21. Bc3 Nc5 22. N3h4 Nd3 23. Rf1 Qc5 24. Qf3 Kh8 25. Ra1 Bb5 26. Nh6 Be8 27. N6f5 Nxe4 28. Bxd3 Nxc3 29. Bc2 Nxd5 30. Nh6 Nb4 31. Nxf7+ Bxf7 32. Bxh7 Kxh7 33. Qxf7 e4 34. Qg6+ Kh8 35. Qe6 Nd3 36. Ng6+ Kh7 37. Qxe4 Qxf2+ 38. Kh1 Kh6 39. Qe6 Qf6 40. Qxc8 Kxg6 41. Qxc4 Qf5 42. Qg8 Nf2+ 43. Kg1 Ne4 44. h3 d5 45. Ra6+ Bd6 46. Qe8+ Kh7 47. Ra1 Bc5+ 48. Kh1 Ng3+ 49. Kh2 Qf4 0-1

[Event "Groningen op 56th"]
[Site "Groningen"]
[Date "2018.12.22"]
[Round "1"]
[White "Ladva, Ottomar"]
[Black "Elgersma, Simon"]
[Result "1-0"]
[WhiteElo "2497"]
[BlackElo "2200"]
[PlyCount "89"]
[EventDate "2018.12.22"]
[EventType "swiss"]
[EventRounds "9"]
[EventCountry "NED"]
[SourceTitle "CBM 188 Extra"]
[Source "ChessBase"]
[SourceDate "2019.02.26"]
[SourceVersion "1"]
[SourceVersionDate "2019.02.26"]
[SourceQuality "1"]

1. Nf3 Nf6 2. g3 g6 3. b3 d6 4. d4 Bg7 5. Bg2 Bf5 6. 0-0 Qc8 7. Re1 0-0 8. Bb2 Nc6 9. Nbd2 Re8 10. e4 Bh3 11. d5 Nb4 12. a3 Na6 13. c4 Nxe4 14. Bxg7 Nxd2 15. Bb2 Bxg2 16. Kxg2 Nxf3 17. Qxf3 Qf5 18. Qc3 f6 19. Re3 Nc5 20. Rae1 c6 21. Rxe7 Rxe7 22. Rxe7 Rf8 23. Qe3 Rf7 24. Re8+ Kg7 25. dxc6 bxc6 26. Rd8 Rd7 27. h4 Rxd8 28. Qe7+ Kh6 29. Bc1+ g5 30. hxg5+ fxg5 31. Qxd8 Nd3 32. Qxd6+ Kh5 33. Be3 Ne5 34. Qd1+ g4 35. Qh1+ Kg6 36. Qh6+ Kf7 37. Qf4 Qxf4 38. gxf4 Nd3 39. Bxa7 h5 40. Be3 Ke6 41. a4 h4 42. a5 Nb4 43. Bd2 Na6 44. b4 Nc7 45. Bc3 1-0

[Event "Hoogeveen op 22nd"]
[Site "Hoogeveen"]
[Date "2018.10.27"]
[Round "9"]
[White "Elgersma, Simon"]
[Black "Van Foreest, Machteld"]
[Result "1/2-1/2"]
[WhiteElo "2237"]
[BlackElo "1934"]
[PlyCount "86"]
[EventDate "2018.10.20"]
[EventType "swiss"]
[EventRounds "9"]
[EventCountry "NED"]
[SourceTitle "CBM 187 Extra"]
[Source "ChessBase"]
[SourceDate "2018.11.04"]
[SourceVersion "1"]
[SourceVersionDate "2018.11.04"]
[SourceQuality "1"]

1. e4 e6 2. d4 d5 3. Nc3 Nf6 4. e5 Nfd7 5. f4 c5 6. Nf3 Nc6 7. Be3 a6 8. Ne2 b5 9. c3 Rb8 10. g3 b4 11. cxb4 cxd4 12. Nexd4 Bxb4+ 13. Kf2 Nxd4 14. Bxd4 Bc5 15. b3 Qb6 16. Rc1 a5 17. Kg2 Bxd4 18. Nxd4 Ba6 19. Rc6 Bxf1+ 20. Rxf1 Qb4 21. a3 Qb7 22. Qh5 0-0 23. Rfc1 Rfc8 24. f5 g6 25. fxg6 hxg6 26. Qg5 Nf8 27. h4 Nh7 28. Qg4 Rxc6 29. Rxc6 Rc8 30. Rd6 a4 31. h5 axb3 32. hxg6 b2 33. gxh7+ Kh8 34. Qg5 b1Q 35. Qf6+ Kxh7 36. Qh4+ Kg8 37. Rd8+ Rxd8 38. Qxd8+ Kg7 39. Qf6+ Kh7 40. Qh4+ Kg6 41. Qf6+ Kh5 42. Qh4+ Kg6 43. Qf6+ Kh7 1/2-1/2

[Event "Vlissingen HZ op 22nd"]
[Site "Vlissingen"]
[Date "2018.08.10"]
[Round "8"]
[White "Elgersma, Simon"]
[Black "Den Dunnen, Lola"]
[Result "1-0"]
[WhiteElo "2136"]
[BlackElo "1935"]
[PlyCount "109"]
[EventDate "2018.08.04"]
[EventType "swiss"]
[EventRounds "9"]
[EventCountry "NED"]
[SourceTitle "CBM 185 Extra"]
[Source "ChessBase"]
[SourceDate "2018.07.29"]
[SourceVersion "1"]
[SourceVersionDate "2018.07.29"]
[SourceQuality "1"]

1. e4 e5 2. Nf3 Nc6 3. d4 exd4 4. Nxd4 Bc5 5. Nb3 Bb6 6. Nc3 Nf6 7. Bg5 Qe7 8. Qe2 Qe6 9. 0-0-0 0-0 10. f3 d6 11. Kb1 Nd7 12. g4 a5 13. a4 Nc5 14. Nxc5 Bxc5 15. Nd5 Nb4 16. Qc4 Nxd5 17. exd5 Qd7 18. Bd3 c6 19. Qe4 f5 20. gxf5 Qxf5 21. Qh4 Qh3 22. Bxh7+ Kh8 23. Be4+ Qxh4 24. Bxh4 Bd7 25. Be7 Rf7 26. Bxd6 Bxd6 27. dxc6 Bxc6 28. Rxd6 Bxa4 29. Rd5 Rf6 30. Rhd1 Re8 31. Rxa5 Bc6 32. Rh5+ Kg8 33. Bh7+ Kf8 34. Bd3 Rxf3 35. Rg1 Rfe3 36. Rh8+ Ke7 37. Rxg7+ Kd6 38. Rxe8 Rxe8 39. Ka2 Rh8 40. Rh7 Ra8+ 41. Kb3 Ra1 42. h4 Rh1 43. h5 Ke5 44. h6 Kf6 45. Rh8 Rh3 46. h7 Be4 47. Rf8+ Kg7 48. h8Q+ Rxh8 49. Rxh8 Bxd3 50. cxd3 Kxh8 51. Kc4 Kg7 52. Kc5 Kf6 53. Kb6 Ke5 54. Kxb7 Kd4 55. b4 1-0

[Event "Vlissingen HZ op 22nd"]
[Site "Vlissingen"]
[Date "2018.08.05"]
[Round "2"]
[White "Elgersma, Simon"]
[Black "Sandipan, Chanda"]
[Result "1-0"]
[WhiteElo "2136"]
[BlackElo "2554"]
[PlyCount "69"]
[EventDate "2018.08.04"]
[EventType "swiss"]
[EventRounds "9"]
[EventCountry "NED"]
[SourceTitle "CBM 185 Extra"]
[Source "ChessBase"]
[SourceDate "2018.07.29"]
[SourceVersion "1"]
[SourceVersionDate "2018.07.29"]
[SourceQuality "1"]

1. e4 g6 2. d4 Bg7 3. Nc3 c6 4. Nf3 d6 5. Be3 Nf6 6. h3 0-0 7. Bd3 Nbd7 8. 0-0 e5 9. a4 b6 10. Qd2 Bb7 11. Rad1 exd4 12. Nxd4 Re8 13. Bh6 Bh8 14. Nf3 Qc7 15. Rfe1 Rad8 16. Qf4 Nc5 17. Qh4 Nxd3 18. cxd3 Nd7 19. d4 a6 20. Bf4 Nf8 21. e5 dxe5 22. Nxe5 f6 23. Ng4 Qd7 24. Ne4 Rxe4 25. Nh6+ Kg7 26. Rxe4 Re8 27. Rxe8 Qxe8 28. Ng4 Nd7 29. Bd2 h5 30. Re1 Qd8 31. Qg3 Nf8 32. Nxf6 c5 33. Nxh5+ Kg8 34. Nf4 Kh7 35. Ne6 1-0

[Event "Pardubice Czech op-A 29th"]
[Site "Pardubice"]
[Date "2018.07.25"]
[Round "6"]
[White "Elgersma, Simon"]
[Black "Haba, Petr"]
[Result "0-1"]
[WhiteElo "2263"]
[BlackElo "2445"]
[PlyCount "104"]
[EventDate "2018.07.20"]
[EventType "swiss"]
[EventRounds "9"]
[EventCountry "CZE"]
[SourceTitle "CBM 185 Extra"]
[Source "ChessBase"]
[SourceDate "2018.07.29"]
[SourceVersion "1"]
[SourceVersionDate "2018.07.29"]
[SourceQuality "1"]

1. e4 e6 2. d4 d5 3. Nc3 Bb4 4. e5 c5 5. a3 Bxc3+ 6. bxc3 Qc7 7. Qg4 f6 8. Bb5+ Kf8 9. Nf3 Qa5 10. Rb1 a6 11. Bd3 c4 12. Be2 Qxc3+ 13. Bd2 Qxc2 14. Rc1 Qg6 15. Qh3 Nc6 16. 0-0 f5 17. Ne1 Qf7 18. Nc2 h6 19. f4 Nge7 20. Rb1 Kg8 21. Rb6 Kh7 22. Rfb1 Rd8 23. Qc3 Rd7 24. Ne3 Rc7 25. Bc1 Nd8 26. Qa5 Nec6 27. Qc3 Bd7 28. Bd1 Na7 29. a4 Nc8 30. R6b2 b5 31. Ra2 bxa4 32. Ba3 Raa7 33. Bb4 Rcb7 34. Rba1 Ra8 35. Bxa4 Bxa4 36. Rxa4 Nc6 37. Bc5 a5 38. R4a2 Rab8 39. h3 Rb3 40. Qe1 Qb7 41. g4 Rb1 42. Rxb1 Qxb1 43. Qxb1 Rxb1+ 44. Kf2 g6 45. h4 h5 46. gxf5 gxf5 47. Kf3 Nb6 48. Rg2 Nd7 49. Rg5 Kh6 50. Rg8 Rb8 51. Rg2 Nxc5 52. dxc5 Nd4+ 0-1

[Event "Pardubice Czech op-A 29th"]
[Site "Pardubice"]
[Date "2018.07.23"]
[Round "4"]
[White "Elgersma, Simon"]
[Black "Danek, Pavel"]
[Result "1-0"]
[WhiteElo "2263"]
[BlackElo "1904"]
[PlyCount "79"]
[EventDate "2018.07.20"]
[EventType "swiss"]
[EventRounds "9"]
[EventCountry "CZE"]
[SourceTitle "CBM 185 Extra"]
[Source "ChessBase"]
[SourceDate "2018.07.29"]
[SourceVersion "1"]
[SourceVersionDate "2018.07.29"]
[SourceQuality "1"]

1. e4 e6 2. d4 d5 3. Nc3 dxe4 4. Nxe4 Nd7 5. Nf3 Be7 6. Bd3 h6 7. Be3 Ngf6 8. Nxf6+ Nxf6 9. Qe2 Nd5 10. Bd2 c6 11. 0-0-0 Qc7 12. Kb1 Nf4 13. Bxf4 Qxf4 14. Ne5 Bd6 15. g3 Qf6 16. f4 Bd7 17. Be4 0-0-0 18. Nc4 Bc7 19. a4 Kb8 20. a5 a6 21. Qe3 Bc8 22. Rd3 g5 23. Rhd1 gxf4 24. Qf3 e5 25. d5 Bd6 26. dxc6 Bc7 27. cxb7 Be6 28. Nd6 Rxd6 29. Rxd6 Bxd6 30. b3 Bc7 31. Qe2 Bf5 32. Bxf5 Bxa5 33. Bh3 f3 34. Qc4 Bc7 35. Qe4 f2 36. Qe2 Bb6 37. Qg4 Kxb7 38. Bg2+ Kb8 39. Qe4 Qe7 40. Qa8+ 1-0

[Event "Amsterdam Science Park op-A"]
[Site "Amsterdam"]
[Date "2018.07.14"]
[Round "8"]
[White "Kossen, Johannes"]
[Black "Elgersma, Simon"]
[Result "1/2-1/2"]
[WhiteElo "2095"]
[BlackElo "2263"]
[PlyCount "60"]
[EventDate "2018.07.07"]
[EventType "swiss"]
[EventRounds "9"]
[EventCountry "NED"]
[SourceTitle "CBM 185 Extra"]
[Source "ChessBase"]
[SourceDate "2018.07.29"]
[SourceVersion "1"]
[SourceVersionDate "2018.07.29"]
[SourceQuality "1"]

1. d4 Nf6 2. c4 g6 3. Nf3 Bg7 4. g3 d6 5. Bg2 0-0 6. 0-0 Bf5 7. Nh4 Be4 8. f3 Bc6 9. Nc3 e5 10. d5 Bd7 11. e4 Nh5 12. Bd2 a5 13. Qc2 Na6 14. Be3 f5 15. Bh3 Nf4 16. Bxf4 exf4 17. exf5 Bd4+ 18. Kh1 fxg3 19. hxg3 g5 20. Ng2 Qf6 21. Ne1 Nb4 22. Qd2 Bxf5 23. Bxf5 Qxf5 24. Qxd4 Qh3+ 25. Kg1 Nc2 26. Nxc2 Qxg3+ 27. Kh1 Qh3+ 28. Kg1 Qg3+ 29. Kh1 Qh3+ 30. Kg1 Qg3+ 1/2-1/2